01837cam a22003254a 450000100060000000300050000600500170001100800410002801000170006901500190008601600180010501600200012302000280014302000310017103500230020204000640022504200080028905000220029708200190031910000080033824501040034626000590045030000460050950400640055550507340061965000280135365000290138170000200141085600810143013635CUTN20140207121318.0060323s2007 caua b 001 0 eng  a 2006044712 aGBA6450412bnb7 a0134598862Uk7 a1012984302DNLM a1891389432 (alk. paper) a9781891389436 (alk. paper) a(OCoLC)ocm65400780 aDLCcDLCdYDXdBAKERdBTCTAdYDXCPdIAKdUKMdNLMdIXAdDLC apcc00aQP531b.B547 200700a612/.01524222 zBER00aBiological inorganic chemistry :bstructure and reactivity /cedited by Ivano Bertini ... [et al.]. aSausalito, Calif. :bUniversity Science Books,cc2007. axxv, 739 p. :bill. (some col.) ;c28 cm. aIncludes bibliographical references (p. 727-728) and index.0 aPart A. Overviews of biological inorganic chemistry. Bioinorganic chemistry and the biogeochemical cycles ; Metal ions and proteins: binding, stability, and folding ; Special cofactors and metal clusters ; Transport and storage of metal ions in biology ; Biominerals and biomineralization ; Metals in medicine. -- Part B. Metal ion containing biological systems. Metal ion transport and storage ; Hydrolytic chemistry ; Electron transfer, respiration, and photosynthesis ; Oxygen metabolism ; Hydrogen, carbon, and sulfur metabolism ; Metalloenzymes with radical intermediates ; Metal ion receptors and signaling. -- Cell biology, biochemistry, and evolution: Tutorial I. -- Fundamentals of coordination chemistry: Tutorial II. 0aBioinorganic chemistry.12aChemistry, Bioinorganic.1 aBertini, Ivano.413Table of contents onlyuhttp://www.loc.gov/catdir/toc/fy0707/2006044712.html